<?xml version="1.0" encoding="UTF-8"?>
<record
    xmlns:xsi="http://www.w3.org/2001/XMLSchema-instance"
    xsi:schemaLocation="http://www.loc.gov/MARC21/slim http://www.loc.gov/standards/marcxml/schema/MARC21slim.xsd"
    xmlns="http://www.loc.gov/MARC21/slim">

  <leader>02995nam a2200349 a 4500</leader>
  <controlfield tag="001">ebr10279079</controlfield>
  <controlfield tag="003">CaPaEBR</controlfield>
  <controlfield tag="006">m        u        </controlfield>
  <controlfield tag="007">cr cn|||||||||</controlfield>
  <controlfield tag="008">061117s2007    inua    s     001 0 eng  </controlfield>
  <datafield tag="010" ind1=" " ind2=" ">
    <subfield code="z">  2006037358</subfield>
  </datafield>
  <datafield tag="020" ind1=" " ind2=" ">
    <subfield code="z">0470046899</subfield>
  </datafield>
  <datafield tag="020" ind1=" " ind2=" ">
    <subfield code="z">9780470046890 (pbk./cd-rom)</subfield>
  </datafield>
  <datafield tag="040" ind1=" " ind2=" ">
    <subfield code="a">CaPaEBR</subfield>
    <subfield code="c">CaPaEBR</subfield>
  </datafield>
  <datafield tag="035" ind1=" " ind2=" ">
    <subfield code="a">(OCoLC)243599942</subfield>
  </datafield>
  <datafield tag="050" ind1="1" ind2="4">
    <subfield code="a">Z52.5.M52</subfield>
    <subfield code="b">T97 2007eb</subfield>
  </datafield>
  <datafield tag="082" ind1="0" ind2="4">
    <subfield code="a">005.52</subfield>
    <subfield code="2">22</subfield>
  </datafield>
  <datafield tag="100" ind1="1" ind2=" ">
    <subfield code="a">Tyson, Herbert L.</subfield>
  </datafield>
  <datafield tag="245" ind1="1" ind2="0">
    <subfield code="a">Microsoft Word 2007 bible</subfield>
    <subfield code="h">[electronic resource] /</subfield>
    <subfield code="c">Herb Tyson.</subfield>
  </datafield>
  <datafield tag="246" ind1="1" ind2="4">
    <subfield code="a">Microsoft Office Word 2007 bible</subfield>
  </datafield>
  <datafield tag="246" ind1="3" ind2="0">
    <subfield code="a">Word 2007 bible</subfield>
  </datafield>
  <datafield tag="260" ind1=" " ind2=" ">
    <subfield code="a">Indianapolis, IN :</subfield>
    <subfield code="b">Wiley Pub.,</subfield>
    <subfield code="c">c2007.</subfield>
  </datafield>
  <datafield tag="300" ind1=" " ind2=" ">
    <subfield code="a">xxxix, 915 p. :</subfield>
    <subfield code="b">ill.</subfield>
  </datafield>
  <datafield tag="500" ind1=" " ind2=" ">
    <subfield code="a">Includes index.</subfield>
  </datafield>
  <datafield tag="505" ind1="0" ind2=" ">
    <subfield code="a">pt. 1. My Word, and welcome to it -- Brave new Word -- Quick start -- Were in the Word is -- Making Word work for you -- The X files: understanding and using Word's new file format -- Make it stop? Cures and treatments for Word's top annoyances -- pt. 2. Word on the street -- Formatting 101: font/character formatting -- Paragraph formatting -- In style -- The clipboard -- Find, replace, and go to -- pt. 3. Writing tools -- Language tools -- Building blocks and quick parts -- AutoCorrect -- AutoFormat -- Smart tags (what are those purple dots?) -- pt. 4. More than mere words -- Tables -- Pictures and SmartArt -- Headers and footers -- Symbols and equations -- Field guide -- WordArt -- Charts -- Inserting objects and files -- pt. 5. Document design -- Page setup and sections -- Text boxes and other shapes -- Columns -- On background -- Publishing as PDF and XPS -- Publishing as HTML, XML, and blogging -- Templates and themes -- pt. 6. With all due reference -- Bookmarks -- Tables of contents -- Master documents -- Footnotes and endnotes -- Citations and bibliography -- Captions and tables of captioned items -- Indexing -- Tables of authorities -- Hyperlinks and cross-references -- pt. 7. Getting out the word -- Data sources -- Envelopes and labels -- Data documents and mail merge -- Forms -- pt. 8. Power and customization -- Keyboard customization -- The quick access toolbar -- Options and settings -- Macros: recording, editing, and using -- pt. 9. Collaboration: getting along with others -- Security, tracking, and comments -- Comparing and combining collaborative documents -- SharePoint -- Groove -- Integration with other office applications -- Appendix A: Guide to Word 2003 menu commands in Word 2007 -- Appendix B: Word 2007 default key assignments.</subfield>
  </datafield>
  <datafield tag="533" ind1=" " ind2=" ">
    <subfield code="a">Electronic reproduction.</subfield>
    <subfield code="b">Palo Alto, Calif. :</subfield>
    <subfield code="c">ebrary,</subfield>
    <subfield code="d">2013.</subfield>
    <subfield code="n">Available via World Wide Web.</subfield>
    <subfield code="n">Access may be limited to ebrary affiliated libraries.</subfield>
  </datafield>
  <datafield tag="630" ind1="0" ind2="0">
    <subfield code="a">Microsoft Word.</subfield>
  </datafield>
  <datafield tag="650" ind1=" " ind2="0">
    <subfield code="a">Word processing.</subfield>
  </datafield>
  <datafield tag="655" ind1=" " ind2="7">
    <subfield code="a">Electronic books.</subfield>
    <subfield code="2">local</subfield>
  </datafield>
  <datafield tag="710" ind1="2" ind2=" ">
    <subfield code="a">ebrary, Inc.</subfield>
  </datafield>
  <datafield tag="856" ind1="4" ind2="0">
    <subfield code="u">http://site.ebrary.com/lib/rucke/Doc?id=10279079</subfield>
    <subfield code="z">An electronic book accessible through the World Wide Web; click to view</subfield>
  </datafield>
  <datafield tag="999" ind1=" " ind2=" ">
    <subfield code="c">19296</subfield>
    <subfield code="d">19296</subfield>
  </datafield>
</record>
